Normal view
MARC view
- Law
Entry Topical Term
001 - CONTROL NUMBER
- control field: 354
003 - CONTROL NUMBER IDENTIFIER
- control field: OSt
005 - DATE AND TIME OF LATEST TRANSACTION
- control field: 20170420121710.0
008 - FIXED-LENGTH DATA ELEMENTS
- fixed length control field: 170420|| aca||aabn | a|a d
040 ## - CATALOGING SOURCE
- Original cataloging agency: OSt
- Transcribing agency: OSt
150 ## - HEADING--TOPICAL TERM
- Topical term or geographic name entry element: Law
- Form subdivision: Dictionaries
670 ## - SOURCE DATA FOUND
- Source citation: Work cat.: (OSt)0: Dictionary of law /, 1989

PORTAL AKMAL
E-MEL JKDM
AKMAL2U
G-BAM
u-PUSTAKA